Detalles MARC
| 000 -ENCABEZADO |
| Número de control [NR] |
02797nam a22003857i 4500 |
| 001 - NÚMERO DE CONTROL |
| control field |
B-12618 |
| 003 - IDENTIFICADOR DE CONTROL NÚMERO |
| control field |
CO-BoFNCP |
| 007 - CAMPO DESCRIPCIÓN FÍSICA FIJA - INFORMACIÓN GENERAL |
| fixed length control field |
t|| |
| 008 - DE LONGITUD FIJA DE DATOS DE ELEMENTOS - INFORMACIÓN GENERAL |
| Elementos de longitud fija [NR] |
090930s2008 my a f z eng d |
| 040 ## - FUENTE DE CATALOGACION [NR] |
| Agencia de catalogación original [NR] |
CO-BoFNCP |
| Idioma de catalogación [NR] |
Español |
| Quien Cataloga |
CO-BoFNCP |
| Convenciones de la descripción [NR] |
rda |
| 041 ## - CODIGO DE IDIOMA [R] |
| Código de idioma para texto/pista de sonido o título separado [R] |
Inglés |
| 043 ## - CODIGO DE AREA GEOGRAFICA [NR] |
| Código de área geográfica [R] |
my |
| 084 ## - OTRO NUMERO DE CLASIFICACION [R] |
| Número clasificador [R] |
A- |
| 100 1# - ASIENTO PRINCIPAL--NOMBRE PERSONAL [NR] |
| Nombre personal [NR] |
Cheng, S. |
| ID Autoridad |
41394, |
| Término relacionador [R] |
autor. |
| Relator code |
aut |
| 245 10 - MENCION DE TITULO [NR] |
| Título [NR] |
Termite attack on oil palm grown on peat soil : |
| Parte restante del título [NR] |
Identification of pests species and factors contributing to the problem. |
| 264 #4 - PRODUCCIÓN, PUBLICACIÓN, DISTRIBUCIÓN, FABRICACIÓN Y COPYRIGHT |
| Fecha de producción, publicación, distribución, fabricación o copyright |
©2008 |
| 300 ## - DESCRIPCION FISICA [R] |
| Extensión [R] |
páginas 659-670 : |
| Otros detalles físicos [NR] |
Tablas, gráficos, fotografías. |
| 336 ## - TIPO DE CONTENIDO |
| Término de tipo de contenido |
texto |
| Código de tipo de contenido |
txt |
| Fuente |
rdacontent |
| 337 ## - TIPO DE MEDIO |
| Nombre/término del tipo de medio |
sin mediación |
| Código del tipo de medio |
n |
| Fuente |
rdamedia |
| 338 ## - TIPO DE SOPORTE |
| Nombre/término del tipo de soporte |
volumen |
| Código del tipo de soporte |
nc |
| Fuente |
rdacarrier |
| 504 ## - NOTA DE BIBLIOGRAFIA, ETC. [R] |
| Nota de bibliografía, etc. [NR] |
Incluye referencias bibliográficas. |
| 520 ## - NOTA DE RESUMEN, ETC. [R] |
| Nota de sumario, etc. [NR] |
Oil palm grown on peat soil has been reported to be severely attacked by subterranean termites, and this has been thought to be due to the harbouring of the termites in abundant timber residues left behind after the clearing of logged-over peat swamp forests for oil palm cultivation. In this study, oil palm trees and plant residues in plantations established on peat and mineral soils were examined for the presence of termites. The primary termite species capable of killing oil palm trees was Coptotermes curvignathus (Rhinotermitidae). Immature palms were killed as a result of feeding damage to the apical meristem at the base of the spear, while mature palms were killed as a result of damage to the trunk, in which the termite sometimes nested. C. curvignathus was rarely encountered in timber residues or frond heaps on the plantation floor, suggesting that removal of timber residues would not significantly reduce termite attack on oil palm on peat soils. Two other species of Coptotermes found in oil palm trees grown on peat soils were able to form small nests in the trunks of mature palms but did not cause death. Together with Schedorhinotermes spp., they primarily infested plant and wood residues. The results also showed that there was a change in the composition of termite species across different soil types. Termitids were dominant in mineral soil sites, while Rhinotermitids dominated deep peat sites. A high population of C. curvignathus in the original peat swamp habitat is, therefore, likely to be a major factor contributing to the high incidence of termite attack on oil palm grown on peat soils. |
| 650 #0 - ASIENTO SECUNDARIO DE MATERIA - TERMINO TEMATICO [R] |
| Término temático o nombre geográfico como elemento de entrada [NR] |
Malaysia |
| 9 (RLIN) |
33575. |
| 650 #0 - ASIENTO SECUNDARIO DE MATERIA - TERMINO TEMATICO [R] |
| Término temático o nombre geográfico como elemento de entrada [NR] |
Plagas. |
| 9 (RLIN) |
20581 |
| 650 #0 - ASIENTO SECUNDARIO DE MATERIA - TERMINO TEMATICO [R] |
| Término temático o nombre geográfico como elemento de entrada [NR] |
Termitas |
| 9 (RLIN) |
31027. |
| 650 #0 - ASIENTO SECUNDARIO DE MATERIA - TERMINO TEMATICO [R] |
| Término temático o nombre geográfico como elemento de entrada [NR] |
Turba. |
| 9 (RLIN) |
27434 |
| 650 #0 - ASIENTO SECUNDARIO DE MATERIA - TERMINO TEMATICO [R] |
| Término temático o nombre geográfico como elemento de entrada [NR] |
Palma de aceite |
| 9 (RLIN) |
37678. |
| 651 #0 - ASIENTO SECUNDARIO DE MATERIA - NOMBRE GEOGRAFICO [R] |
| Nombre geográfico [NR] |
Malaysia |
| 9 (RLIN) |
33575. |
| 700 1# - ASIENTO SECUNDARIO - NOMBRE PERSONAL [R] |
| Nombre personal [NR] |
Gurmit, S. |
| 9 (RLIN) |
41395. |
| 700 1# - ASIENTO SECUNDARIO - NOMBRE PERSONAL [R] |
| Nombre personal [NR] |
Kirton, L. G. |
| 9 (RLIN) |
41396. |
| 773 0# - ASIENTO DEL ITEM FUENTE [R] |
| Asiento principal [NR] |
The Planter (Malasia) |
| Información sobre la relación [R] |
v. 84, no. 991 (2008), p.659-670 |
| Número de control del registro [R] |
A- |
| Número Internacional Normalizado para Publicaciones Seriadas - ISSN [NR] |
0126-575x |
| 942 ## - ELEMENTOS DE ENTRADA AGREGADOS (KOHA) |
| Sistema de clasificación |
Local |
| Tipo de ítem principal el descrito en 300a |
Artículo |
| 999 ## - NÚMEROS DE SISTEMAS DE CONTROL (KOHA) |
| Koha biblionumber |
26590 |
| 999 ## - NÚMEROS DE SISTEMAS DE CONTROL (KOHA) |
| Registro cosechable |
Si |